| 000 | 00678nam a2200229Ii 4500 | ||
|---|---|---|---|
| 003 | JO-AjNU | ||
| 008 | 230605s9999||||xx |||||||||||||| ||und|| | ||
| 017 | _a1993/4650 | ||
| 020 | _a977-5344-99-9 | ||
| 040 |
_aJO-AjNU _bara _erda _cJO-AjNU |
||
| 041 | _aara | ||
| 050 | 1 | 4 | _aHC830.S52.1993 |
| 100 | 3 |
_aشحاتة، ابراهيم, _eauthor _937190 |
|
| 245 | 0 | 0 | _aنحو الاصلاح الشامل |
| 250 | _aط1 | ||
| 264 | 3 | 1 | _aالكويت:دار سعاد الصباح،1993 |
| 300 | _a496ص | ||
| 336 |
_atext _btxt _2rdacontent |
||
| 337 |
_aunmediated _bn _2rdamedia |
||
| 338 |
_avolume _bnc _2rdacarrier |
||
| 650 | 4 |
_aسياسة اقتصادية-مصر _937191 |
|
| 999 |
_aA15517 _c19085 _d19085 |
||